Heat and mass transfer (Record no. 5861)

000 -LEADER
fixed length control field 00529nam a2200205 4500
001 - CONTROL NUMBER
control field 5861
003 - CONTROL NUMBER IDENTIFIER
control field BD-DhUET
008 - FIXED-LENGTH DATA ELEMENTS--GENERAL INFORMATION
fixed length control field 700409m19679999is a b 000 0 eng
040 ## - CATALOGING SOURCE
Original cataloging agency DLC
Transcribing agency DLC
Modifying agency BD-DhUET
082 00 - DEWEY DECIMAL CLASSIFICATION NUMBER
Classification number 621.011
Item number ECK/1959
100 ## - MAIN ENTRY--PERSONAL NAME
Personal name Eckert, R. R. G.
245 00 - TITLE STATEMENT
Title Heat and mass transfer
250 ## - EDITION STATEMENT
Edition statement 2nd ed.
260 ## - PUBLICATION, DISTRIBUTION, ETC. (IMPRINT)
Place of publication, distribution, etc. New York
Name of publisher, distributor, etc. McGraw-Hill
Date of publication, distribution, etc. 1959
300 ## - PHYSICAL DESCRIPTION
Extent xiv, 530p.
490 1# - SERIES STATEMENT
Series statement McGraw-Hill series in mechanical engineering
650 #0 - SUBJECT ADDED ENTRY--TOPICAL TERM
Topical term or geographic name as entry element Heat-Transmission
700 ## - ADDED ENTRY--PERSONAL NAME
Personal name Drake, Robert M.
942 ## - ADDED ENTRY ELEMENTS (KOHA)
Koha item type General Book
Holdings
Piece designation (barcode) Sublocation or collection (holding branch) Koha date last borrowed Location (home branch) Lost status Price effective from Koha item type Withdrawn status Koha issues (times borrowed) Shelving location Not for loan Date acquired Koha normalized classification for sorting Copy number Damaged status Koha date last seen Koha full call number Source of classification or shelving scheme
36668Central Library, BUET Central Library, BUET 2014-11-29General Book  Circulation section 2014-11-29621_011000000000000_ECK_1959  2014-11-29621.011/ECK/1959 
14884Central Library, BUET Central Library, BUET 2014-12-03General Book  Circulation section 2014-12-03621_000000000000000_011ECK19592 2014-12-03621.011/ECK/1959 
11302Central Library, BUET Central Library, BUET 2015-04-12General Book  Circulation section 2015-04-12621_011000000000000_ECK_19593 2015-04-12621.011/ECK/1959 
31276Central Library, BUET Central Library, BUET 2015-04-12General Book  Circulation section 2015-04-12621_011000000000000_ECK_19594 2015-04-12621.011/ECK/1959 
31274Central Library, BUET Central Library, BUET 2015-04-12General Book  Circulation section 2015-04-12621_011000000000000_ECK_19595 2015-04-12621.011/ECK/1959 
31271Central Library, BUET Central Library, BUET 2015-04-12General Book  Circulation section 2015-04-12621_011000000000000_ECK_19596 2015-04-12621.011/ECK/1959 
31272Central Library, BUET Central Library, BUET 2015-04-12General Book  Circulation section 2015-04-12621_011000000000000_ECK_19597 2015-04-12621.011/ECK/1959 
31277Central Library, BUET2020-03-02Central Library, BUET 2015-04-13General Book 1Circulation section 2015-04-13621_011000000000000_ECK_19598 2021-11-28621.011/ECK/1959 
11301Central Library, BUET Central Library, BUET 2015-04-13General Book  Circulation section 2015-04-13621_011000000000000_ECK_19599 2015-04-13621.011/ECK/1959 
11303Central Library, BUET Central Library, BUET 2015-04-13General Book  Circulation section 2015-04-13621_011000000000000_ECK_195910 2015-04-13621.011/ECK/1959 
24625Central Library, BUET Central Library, BUET 2015-04-13General Book  Circulation section 2015-04-13621_011000000000000_ECK_195911 2015-04-13621.011/ECK/1959 
7652Central Library, BUET Central Library, BUET 2015-04-13General Book  Circulation section 2015-04-13621_011000000000000_ECK_195912 2015-04-13621.011/ECK/1959 
24320Central Library, BUET Central Library, BUET 2015-04-13General Book  Circulation section 2015-04-13621_011000000000000_ECK_195913 2015-04-13621.011/ECK/1959 
24976Central Library, BUET Central Library, BUET 2015-04-13General Book  Circulation section 2015-04-13621_011000000000000_ECK_195914 2015-04-13621.011/ECK/1959 
31275Central Library, BUET Central Library, BUET 2015-04-13General Book  Circulation section 2015-04-13621_011000000000000_ECK_195915 2015-04-13621.011/ECK/1959 
7655Central Library, BUET Central Library, BUET 2015-06-16General Book  Reading section 2015-06-16621_011000000000000_ECK_195916 2015-06-16621.011/ECK/1959